Mughal empire in india : (Record no. 129763)
[ view plain ]
| 000 -LEADER | |
|---|---|
| fixed length control field | 00890nam a22002657a 4500 |
| 003 - CONTROL NUMBER IDENTIFIER | |
| control field | dpl |
| 005 - DATE AND TIME OF LATEST TRANSACTION | |
| control field | 20190105160013.0 |
| 008 - FIXED-LENGTH DATA ELEMENTS--GENERAL INFORMATION | |
| fixed length control field | 190105b ||||| |||| 00| 0 eng d |
| 010 ## - LIBRARY OF CONGRESS CONTROL NUMBER | |
| LC control number | B-058596 |
| 020 ## - INTERNATIONAL STANDARD BOOK NUMBER | |
| Terms of availability | 00.00 |
| International Standard Book Number | 8171003680 |
| 035 ## - SYSTEM CONTROL NUMBER | |
| System control number | B-058596 |
| 035 ## - SYSTEM CONTROL NUMBER | |
| System control number | B-58597 |
| 037 ## - SOURCE OF ACQUISITION | |
| Source of stock number/acquisition | Cen Lib/Ret |
| 040 ## - CATALOGING SOURCE | |
| Original cataloging agency | DPL |
| Language of cataloging | EN |
| Transcribing agency | dpl |
| 082 ## - DEWEY DECIMAL CLASSIFICATION NUMBER | |
| Classification number | 954.022 |
| Item number | MUG |
| 245 ## - TITLE STATEMENT | |
| Title | Mughal empire in india : |
| Statement of responsibility, etc | edited by H.S. Bhatia |
| Remainder of title | their political, legal, social, cultural, religious and military systems / |
| 260 ## - PUBLICATION, DISTRIBUTION, ETC. (IMPRINT) | |
| Name of publisher, distributor, etc | Deep & Deep Publications |
| Date of publication, distribution, etc | 2001 |
| Place of publication, distribution, etc | New Delhi |
| 270 ## - ADDRESS | |
| Address | F-159, Rajouri Garden |
| City | New Delhi |
| Postal code | 110027 |
| 300 ## - PHYSICAL DESCRIPTION | |
| Extent | 384p. |
| Dimensions | 21cm(Hb) |
| 500 ## - GENERAL NOTE | |
| General note | Includes bibliographical references and index |
| 650 ## - SUBJECT ADDED ENTRY--TOPICAL TERM | |
| Topical term or geographic name as entry element | Mughal history |
| 9 (RLIN) | 27329 |
| 650 ## - SUBJECT ADDED ENTRY--TOPICAL TERM | |
| Topical term or geographic name as entry element | Social and cultural aspects |
| 9 (RLIN) | 27330 |
| 700 ## - ADDED ENTRY--PERSONAL NAME | |
| Personal name | Bhatia, H.S. |
| 9 (RLIN) | 27657 |
| 942 ## - ADDED ENTRY ELEMENTS (KOHA) | |
| Source of classification or shelving scheme | Dewey Decimal Classification |
| Koha item type | English Books |
| Classification part | 954.022 |
| Call number suffix | MUG |
| Withdrawn status | Lost status | Damaged status | Not for loan | Home library | Current library | Date acquired | Source of acquisition | Cost, normal purchase price | Total Checkouts | Full call number | Barcode | Date last seen | Copy number | Cost, replacement price | Price effective from | Koha item type | Public note | Source of classification or shelving scheme | Collection code | Total Renewals | Date checked out |
|---|---|---|---|---|---|---|---|---|---|---|---|---|---|---|---|---|---|---|---|---|---|
| Central Library | Central Library | 07/07/2015 | Cen Lib/Ret | 0.00 | 954.022 MUG | B-058596 | 07/07/2015 | 1 | 0.00 | 07/07/2015 | English Books | Legal Case (Register 2019) | |||||||||
| Sarojini Nagar | Sarojini Nagar | 05/01/2019 | Deep & Deep | 6 | 954.022 MUG | B-58597 | 11/07/2025 | 1+1 | 05/01/2019 | English Books | Dewey Decimal Classification | Non-fiction | 3 | 26/06/2025 |
